000 00602nam a2200229Ia 4500
003 OSt
005 20221006164040.0
006 a|||||r|||| 00| 0
007 ta
008 221006b |||||||| |||| 00| 0 eng d
024 _a3,092
037 _cTextual
040 _aFML
_cFML
_beng
041 _2eng
_aeng
082 _aT:3 (NR), G3
100 _aStewart Reid Au.
_9676505
245 0 _aHow to Pass Music Examinations
260 _aLondon
_bIsaac Pitman
_c1933
300 _a8, 156
_ccm.
942 _hT:3 (NR), G3
_cTEXL
_2CC
999 _c1116076
_d1116076